00690nam a2200157 a 450000100100000000500170001000800410002704000250006808200150009310000550010824500560016326000780021930000200029795201980031799900170051500003280420240305103442.0110726s1944 dr r 000 p spa d aDO-SdBNPbspacBNPHU axxxxbI37v1 aIncháustegui Cabral, Héctor,d1912-197992102410aDe vida temporal /cHéctor Incháustegui Cabral. aCiudad Trujillo, República Dominicana :bEditorial La Opinión,c1944. a92 p. ;c22 cm. 001050718RVaPDbPDcCTd2011-07-26iLF1l0oxxxx I37vp32804-10r2020-06-25w2020-06-25y1zPerteneció a la biblioteca personal de Julio Ortega Frier. Dedicado por el autor.ZNo se presta c32295d32295